Dynamické rozbory firmy pomocou kontingenčnej tabuľky a kontingenčných grafov v MS Excel 2016 bakalárska práca

Saved in:
Bibliographic Details
Main Author: Šturdík, Tomáš
Corporate Author: Fakulta hospodárskej informatiky EU. Katedra aplikovanej informatiky
Other Authors: Szivósová, Mária, 1958-
Format: Book
Language:Slovak
Published: Bratislava 2021
Tags: Add Tag
No Tags, Be the first to tag this record!

MARC

LEADER 00000nbm a2200000 4500
001 0276245
005 20220317105748.7
041 0 |a slo 
044 |a SK 
245 1 0 |a Dynamické rozbory firmy pomocou kontingenčnej tabuľky a kontingenčných grafov v MS Excel 2016  |b bakalárska práca  |c Tomáš Šturdík ; školiteľ: Mária Szivósová 
264 1 |a Bratislava  |c 2021 
300 |a 52 s. 
100 1 |a Šturdík, Tomáš 
700 1 |a Szivósová, Mária, 1958- 
710 2 |a Fakulta hospodárskej informatiky EU. Katedra aplikovanej informatiky